LEADER 01174nam a2200253 i 4500 001 000000231117 003 CaOOAMICUS 005 20140710000000.0 008 111115s2011 it u000 u ita u 013 $a210020 040 $aSeMil$bita 100 0 $aAutori Vari.$0(OLS)http://semarc/name/4368 245 10$aVoix Céleste :$bin Francia tra 19. e 20. secolo /$cAutori Vari. 260 $aBergamo :$bEd. Carrara,$c2011. 300 $a59 p. :$bnotazione musicale ;$c31 cm. 490 0 $aTesori di musica sacra ;$v1 500 $aNum. 5211 delle Ed. Carrara. - Fascicolo 4-5 (Luglio-Ottobre 2011) della rivista "Celebriamo" e rilegato nel Vol. 2011 (Anno 41.). 773 0 $aSessantini, Gilberto$tTesori di musica sacra.$dBergamo : Ed. Carrara, 2011.$w()30128 830 0$aTesori di musica sacra ;$v1.$0(OLS)http://semarc/title/40999 850 $aSeMil 852 $aSeMil$W1$xVenegono$y1$m91 6 41 [4/5]$j181463$B181463$CSeMilBibl$Z2$F192303 $85 961 $aAbbonamento: Carrara Ed. 996 $6245$aVoix Céleste :$bin Francia tra 19. e 20. secolo$9(OLS)http://semarc/title/330092 996 $6260$aBergamo :$bEd. Carrara$9(OLS)http://semarc/publisher/30551 LEADER 01414nam a2200265 i 4500 001 000000007096 003 CaOOAMICUS 005 20221129145515.0 008 180830s2001 it u000 u ita u 040 $aSeMil$bita 100 1 $aGarcía-Moreno, Antonio.$0(OLS)http://semarc/name/3713 240 13$aEl Cuarto Evangelio : aspectos.$0(OLS)http://semarc/title/9513 245 10$aTemi teologici del Vangelo di Giovanni /$cAntonio García-Moreno. 260 $aBologna :$bEDB,$c2001. 300 $a3 v. ;$c21 cm. 490 1 $aLettura pastorale della bibbia. Bibbia e spiritualità 650 4$aBibbia. Nuovo Testamento. Vangelo secondo Giovanni - Commentari, studi, critica, interpretazioni.$0(OLS)http://semarc/subject/119 650 4$aBibbia - Chiesa.$0(OLS)http://semarc/subject/1148 774 0 $tCristo e la Chiesa.$kLettura pastorale della bibbia. Bibbia e spiritualità$z88-10-20154-X$g1$w()89209 774 0 $tChiesa in preghiera.$kLettura pastorale della bibbia. Bibbia e spiritualità$z88-10-20155-8$g2$w()89313 774 0 $tSacramenti.$kLettura pastorale della bibbia. Bibbia e spiritualità$z88-10-20156-6$g3$w()89386 830 0$aLettura pastorale della bibbia. Bibbia e spiritualità.$0(OLS)http://semarc/title/12149 996 $6245$aTemi teologici del Vangelo di Giovanni$9(OLS)http://semarc/title/9512 996 $6260$aBologna :$bEDB$9(OLS)http://semarc/publisher/29669